000 01031nam a22002657a 4500
001 7929
003 FISKH
005 20250814100039.0
008 250814b cb ||||| |||| 00| 0 eng d
040 _aFISKH
_beng
_cFISKH
_dFISKH
050 _aPE1155 .M55
082 _a428.1
100 _aMiller, Robert A.
245 _aRichard scarry's Chipmunk's abc /
_cby Robert A. Miller ; Illustrated by Richard Scarry
260 _aNew York :
_bA Golden Books,
_c1963.
300 _a24 unnumbered pages :
_bcolor illustrations ;
_c21 cm
505 _aE
520 _aChipmunk lives under the apple tree, in a burrow. He likes to eat cake and pick daffodils.This cheerful book features appealing animal characters, bright artwork in Scarry's early painterly style, and simple sentences that teach the alphabet.
521 8 _a160
_bLexile estimate
521 8 _aE
_bRaz-Plus
650 _aLittle Golden Book
_vAlphabet
_xABC’s Animals
700 _aScarry, Richard
_eillustrator
942 _2ddc
_cBK
_n0
999 _c7929
_d7929